AIDS: Pathology, Diagnosis Treatment and Prevention (Record no. 248882)

MARC details
000 -LEADER
fixed length control field 00419pam a2200157a 44500
008 - FIXED-LENGTH DATA ELEMENTS--GENERAL INFORMATION
fixed length control field 230405s2009 xxu||||| |||| 00| 0 eng d
020 ## - INTERNATIONAL STANDARD BOOK NUMBER
International Standard Book Number 8123914202
Terms of availability Rs. 180
082 ## - DEWEY DECIMAL CLASSIFICATION NUMBER
Classification number 618
Item number SRI
100 ## - MAIN ENTRY--PERSONAL NAME
Personal name Srivastava, Govind
245 ## - TITLE STATEMENT
Title AIDS: Pathology, Diagnosis Treatment and Prevention
250 ## - EDITION STATEMENT
Edition statement 3rd Ed.
260 ## - PUBLICATION, DISTRIBUTION, ETC.
Place of publication, distribution, etc. New Delhi
Name of publisher, distributor, etc. CBS Pub.
Date of publication, distribution, etc. 2009
300 ## - PHYSICAL DESCRIPTION
Extent 204 p
700 ## - ADDED ENTRY--PERSONAL NAME
Personal name Srivastav, Amita
906 ## - LOCAL DATA ELEMENT F, LDF (RLIN)
a 000160

No items available.